000 00568nam a2200169Ia 4500
003 LK-CoDNM
008 010623t2003 xxu||||| |||| 00| 1 sin d
040 _aLK-CoDNM
_dLK-CoDNM
_eLK-CoDNM
041 _asin
080 _a32
_bUYA
100 _aUyangoda,Jayadewa
245 _aගැටුමි,ගැටුමි සමථනය,මාධ්‍ය යනය සහ සාමය ගොඩනැගිම
246 _aGatum,Gatum Samathanaya,Madayanaya Saha Samaya Godanagima
260 _bVikalpa Adyapan Kendraya
_c2003
300 _b51p.;22 cm cm
942 _cBK
999 _c122799
_d122799